Teorie přirozeného kurzu a její aplikace na Českou republiku v době měnové krize
Úvod do teórie prirodzeného kurzu. Transformácia platobnej bilancie na jednotlivé faktory devízového kurzu. Analýza menovej krízy pomocou teórie prirodzeného kurzu.
Salvato in:
| Autore principale: | |
|---|---|
| Natura: | Capitolo di libro |
| Lingua: | ceco |
| Soggetti: | |
| Tags: |
Nessun Tag, puoi essere il primo ad aggiungerne!!
|
MARC
| LEADER | 00000naa$a2200000$$$4500 | ||
|---|---|---|---|
| 001 | 0006064 | ||
| 005 | 20231004104243.5 | ||
| 041 | 0 | |a cze | |
| 044 | |a CZ | ||
| 245 | 1 | 0 | |a Teorie přirozeného kurzu a její aplikace na Českou republiku v době měnové krize |c aut. Markéta Nesládková |
| 520 | |a Úvod do teórie prirodzeného kurzu. Transformácia platobnej bilancie na jednotlivé faktory devízového kurzu. Analýza menovej krízy pomocou teórie prirodzeného kurzu. | ||
| 610 | 2 | 0 | |a kurz devízový |
| 610 | 2 | 0 | |a bilancia platobná |
| 610 | 2 | 0 | |a teória peňažná |
| 610 | 2 | 0 | |a kríza menová |
| 610 | 2 | 0 | |a intervencie devízové |
| 610 | 2 | 0 | |a Česko |
| 610 | 2 | 0 | |a politika devízová |
| 610 | 2 | 0 | |a ČNB Praha |
| 100 | 1 | |a Nesládková, Markéta | |